LIBRARY & INFORMATION CENTRE, KCAET, TAVANUR

ONLINE PUBLIC ACCESS CATALOGUE (OPAC)

Text book of irrigation engineering / (Record no. 9742)

MARC details
000 -LEADER
fixed length control field 00459cam a2200181ua 4500
041 ## - LANGUAGE CODE
Language code of text/sound track or separate title eng
082 ## - DEWEY DECIMAL CLASSIFICATION NUMBER
Classification number 631.587
Item number SAH/TE
100 ## - MAIN ENTRY--AUTHOR NAME
Personal name Sahasrabudhe, S R .
245 ## - TITLE STATEMENT
Title Text book of irrigation engineering /
250 ## - EDITION STATEMENT
Edition statement 9 /
260 ## - PUBLICATION, DISTRIBUTION, ETC. (IMPRINT)
Place of publication Delhi :
Name of publisher S K Kataria and sons ,
Year of publication 1993.
300 ## - PHYSICAL DESCRIPTION
Number of Pages 431 ; .
942 ## - ADDED ENTRY ELEMENTS (KOHA)
Koha item type Books
Holdings
Withdrawn status Lost status Damaged status Home library Current library Date acquired Full call number Accession Number Koha item type
      KAUAET KAUAET 07/04/2012 631.587 18246 Books
      KAUAET KAUAET 07/04/2012 631.587 18245 Books
      KAUAET KAUAET 07/04/2012 631.587 18247 Books
free website counter